Music Quiz

Random Music or Artist Quiz

Female Solo Artists by Picture IV Quiz Stats

Quiz Updated Jul 3, 2016

Challenge
Share
Tweet
Score 0/24 Timer 06:00
1 Play Today
% Correct
Fergie
85.8%
Lorde
70.8%
Carrie Underwood
69.2%
Bette Midler
67.1%
Meghan Trainor
60%
Macy Gray
54.7%
Jessie J
51.4%
Tracy Chapman
49.1%
LeAnn Rimes
43.2%
Reba McEntire
41.9%
Mandy Moore
41.3%
Natalie Imbruglia
38.2%
% Correct
Ellie Goulding
38%
Etta James
36.5%
M.I.A.
34.8%
Selena
29.5%
Lil' Kim
29.3%
Janelle Monáe
26.4%
Dusty Springfield
24.8%
Ciara
21.3%
Mýa
19.7%
Natasha Bedingfield
19.5%
Colbie Caillat
17.1%
Gloria Gaynor
3.8%

You're not logged in!

Compare scores with friends on all Sporcle quizzes.
Sign Up with Email
OR
Log In

You Might Also Like...

Show Comments

Extras

Top Quizzes Today


Score Distribution

Your Account Isn't Verified!

In order to create a playlist on Sporcle, you need to verify the email address you used during registration. Go to your Sporcle Settings to finish the process.